000 00339nam a2200145Ia 4500
008 150201s2007 xx 000 0 und d
082 _a611
_bC2007S
100 _aSINGH VISHRAM
245 _aCLINICAL & SURGICAL ANATOMY
250 _a2ND
260 _bELSEVIER
_aDELHI
_c2007
300 _a1-508
650 _aANATOMY
942 _2ddc
_cBK
_01
999 _c3686
_d3686